<?xml version="1.0" encoding="UTF-8"?>
<marc:record xmlns:marc="http://www.loc.gov/MARC21/slim">
   <marc:leader>00000nam a2200000 a 4500</marc:leader>
   <marc:datafield ind1="1" ind2=" " tag="100">
      <marc:subfield code="a">Rivoire, Ariana</marc:subfield>
   </marc:datafield>
   <marc:datafield ind1="1" ind2=" " tag="100">
      <marc:subfield code="a">Carré, Isabelle</marc:subfield>
   </marc:datafield>
   <marc:datafield ind1="1" ind2=" " tag="100">
      <marc:subfield code="a">Améris, Jean-Pierre</marc:subfield>
   </marc:datafield>
   <marc:datafield ind1="0" ind2="0" tag="245">
      <marc:subfield code="a">Die Sprache des Herzens [Bildtonträger]</marc:subfield>
   </marc:datafield>
   <marc:datafield ind1="0" ind2="0" tag="245">
      <marc:subfield code="b">das Leben der Marie Heurtin</marc:subfield>
   </marc:datafield>
   <marc:datafield ind1="0" ind2="0" tag="245">
      <marc:subfield code="c">ein Film von Jean-Pierre Améris. Mit Isabelle Carré, Ariana Rivoire ...</marc:subfield>
   </marc:datafield>
   <marc:datafield ind1=" " ind2="1" tag="264">
      <marc:subfield code="b">Concorde</marc:subfield>
      <marc:subfield code="c">2019</marc:subfield>
   </marc:datafield>
   <marc:datafield ind1="1" ind2=" " tag="520">
      <marc:subfield code="a">Basierend auf realen Ereignissen im Frankreich des späten 19. Jahrhunderts wird die berührende Geschichte von Marie, einem Mädchen, das taubblind zur Welt kam, erzählt. Marie wurde von der jungen Nonne Marguerite aus ihrem inneren Gefängnis von Einsamkeit und Verzweiflung befreit. Schwester Marguerite bringt ihr bei, dass es auch für sie möglich ist, mit anderen Menschen in Kontakt zu treten, zu lieben und geliebt zu werden. Die Begegnung verändert nicht nur das Leben der einen, sondern beider Frauen. Denn durch Marie erfährt Marguerite etwas, was für sie als Nonne nicht vorgesehen ist: mütterliche Liebe. Marie wird ihr eine Tochter des Herzens...</marc:subfield>
   </marc:datafield>
   <marc:datafield ind1=" " ind2=" " tag="020">
      <marc:subfield code="a">4010324201430</marc:subfield>
      <marc:subfield code="9">4010324201430</marc:subfield>
   </marc:datafield>
   <marc:datafield ind1=" " ind2=" " tag="500">
      <marc:subfield code="a">Orig. : Frankreich 2014. Sprache: Deutsch (Dolby Digital 5.1), Französisch (Dolby Digital 5.1). Untertitel: Deutsch (für Hörgeschädigte), Deutsch, Französisch (für Hörgeschädigte)</marc:subfield>
   </marc:datafield>
   <marc:datafield ind1="0" ind2=" " tag="490">
      <marc:subfield code="v">0</marc:subfield>
   </marc:datafield>
   <marc:datafield ind1=" " ind2=" " tag="300">
      <marc:subfield code="a">1 DVD (90 Min.) : farbig</marc:subfield>
   </marc:datafield>
</marc:record>
